How we got the Bible / (Record no. 815)
[ view plain ]
| 000 -LEADER | |
|---|---|
| fixed length control field | 00599nam a2200217Ia 4500 |
| 001 - CONTROL NUMBER | |
| control field | 7883842 |
| 003 - CONTROL NUMBER IDENTIFIER | |
| control field | OSt |
| 005 - DATE AND TIME OF LATEST TRANSACTION | |
| control field | 20180824175203.0 |
| 008 - FIXED-LENGTH DATA ELEMENTS--GENERAL INFORMATION | |
| fixed length control field | 811027s1962 txuh 000 0 eng d |
| 040 ## - CATALOGING SOURCE | |
| Original cataloging agency | TDL |
| Transcribing agency | TDL |
| Modifying agency | BSC |
| 082 ## - DEWEY DECIMAL CLASSIFICATION NUMBER | |
| Classification number | 220.09 |
| Item number | L724H |
| 092 ## - LOCALLY ASSIGNED DEWEY CALL NUMBER (OCLC) | |
| Classification number | 220.09 |
| Item number | L626h |
| 100 1# - MAIN ENTRY--PERSONAL NAME | |
| Personal name | Lightfoot, Neil R. |
| 245 10 - TITLE STATEMENT | |
| Title | How we got the Bible / |
| Statement of responsibility, etc. | by Neil R. Lightfoot. |
| 260 ## - PUBLICATION, DISTRIBUTION, ETC. | |
| Place of publication, distribution, etc. | Austin, Tex. : |
| Name of publisher, distributor, etc. | R.B. Sweet, |
| Date of publication, distribution, etc. | 1962. |
| 300 ## - PHYSICAL DESCRIPTION | |
| Extent | 84 p. : |
| Other physical details | facsims. ; |
| Dimensions | 22 cm. |
| 490 0# - SERIES STATEMENT | |
| Series statement | The living word series |
| 630 00 - SUBJECT ADDED ENTRY--UNIFORM TITLE | |
| Uniform title | Bible |
| General subdivision | History. |
| 650 ## - SUBJECT ADDED ENTRY--TOPICAL TERM | |
| Topical term or geographic name entry element | Restoration Movement (Christianity) |
| 942 ## - ADDED ENTRY ELEMENTS (KOHA) | |
| Source of classification or shelving scheme | Dewey Decimal Classification |
| Koha item type | Books |
| Withdrawn status | Lost status | Source of classification or shelving scheme | Damaged status | Not for loan | Collection code | Home library | Current library | Shelving location | Date acquired | Total Checkouts | Full call number | Barcode | Date last seen | Price effective from | Koha item type |
|---|---|---|---|---|---|---|---|---|---|---|---|---|---|---|---|
| Dewey Decimal Classification | Non-fiction | Harvest Mission College | Harvest Mission College | General Stacks | 24.08.2018 | 220.09 L724H | 003038 | 24.08.2018 | 24.08.2018 | Books |
